| 000 | 00744cam a2200217 4500 | ||
|---|---|---|---|
| 001 | ##B579 | ||
| 008 | 090401t1986 xxu||||| |||| 00| 0 eng d | ||
| 035 | _a(Sirsi) u36628 | ||
| 041 | 0 | _aeng | |
| 050 | 0 | 4 | _a711.14 $2 18 |
| 100 | 1 | _aDenyer-Green, Barry P. D. | |
| 245 | 0 | 0 |
_aLand compensation _ba study of compensation determination |
| 260 |
_aCambridge _bUniversity of Cambridge, Department of Land Economy _c1986 |
||
| 300 |
_axi, 124p. _c21cm. |
||
| 350 | _a8.50 | ||
| 490 | _aUniversity of Cambridge Department of Land Economy Occasional Paper | ||
| 651 | 4 |
_aEngland and Wales _y1543- |
|
| 690 | _aENVIRONMENTAL AND LAND CONSULTANCY-PLANNING AND DEVELOPMENT-COMPULSORY PURCHASE AND COMPENSATION | ||
| 942 | _n0 | ||
| 948 | _c04/03/1997 | ||
| 999 |
_c90354 _d90354 |
||